Экономика химической промышленности: учебное пособие для хим.-технол. спец. вузов

Λεπτομέρειες βιβλιογραφικής εγγραφής
Κύριος συγγραφέας: Залевский А. А. Андрей Андреевич
Γλώσσα:Ρωσικά
Έκδοση: Москва, Химия, 1986
Θέματα:
Μορφή: Βιβλίο
KOHA link:https://koha.lib.tpu.ru/cgi-bin/koha/opac-detail.pl?biblionumber=69964

MARC

LEADER 00000nam0a2200000 4500
001 69964
005 20231031080650.0
035 |a (RuTPU)RU\TPU\book\74503 
090 |a 69964 
100 |a 20041109d1986 m y0rusy50 ca 
101 0 |a rus 
102 |a RU 
105 |a a j 001zy 
200 1 |a Экономика химической промышленности  |e учебное пособие для хим.-технол. спец. вузов  |f А. А. Залевский 
210 |a Москва  |c Химия  |d 1986 
215 |a 189 с.  |c ил.  |e граф. 
320 |a Библиография: с. 188. 
320 |a Предметный указатель: с. 189-190. 
610 1 |a химия 
610 1 |a химическая промышленность 
610 1 |a экономика 
610 1 |a СССР 
610 1 |a научно-технический прогресс 
610 1 |a сырьевая база 
610 1 |a топливно-энергетическая база 
610 1 |a кадры 
610 1 |a материально-техническое обеспечение 
610 1 |a планирование 
610 1 |a финансы 
610 1 |a учебные пособия 
675 |a 66:658(075.8)  |v 3 
700 1 |a Залевский  |b А. А.  |g Андрей Андреевич 
801 1 |a RU  |b 63413507  |c 20041109  |g PSBO 
801 2 |a RU  |b 63413507  |c 20180601  |g PSBO 
942 |c BK